Catálogo público

Suelos supresivos para nematodos agalladores en Morelos / (Record no. 219517)

MARC details
000 -CABECERA
campo de control de longitud fija 02973nam a2200277 a 4500
003 - IDENTIFICADOR DEL NÚMERO DE CONTROL
campo de control OSt
005 - FECHA Y HORA DE LA ÚLTIMA TRANSACCIÓN
campo de control 20251111113755.0
007 - CAMPO FIJO DE DESCRIPCIÓN FÍSICA--INFORMACIÓN GENERAL
campo de control de longitud fija cr ||||||a|c|a
008 - DATOS DE LONGITUD FIJA--INFORMACIÓN GENERAL
campo de control de longitud fija 231214s2020 mx a|||fom||| 001 0 spa d
040 ## - FUENTE DE LA CATALOGACIÓN
Normas de descripción rda
100 1# - ENTRADA PRINCIPAL--NOMBRE DE PERSONA
9 (RLIN) 188448
Nombre de persona Hernández Hernández, Refugio
245 10 - MENCIÓN DE TÍTULO
Título Suelos supresivos para nematodos agalladores en Morelos /
Mención de responsabilidad, etc. por Refugio Hernández Hernández;1 director de tesis Calixto Leopoldo Carrillo Fonseca.
264 ## - PRODUCCIÓN, PUBLICACIÓN, DISTRIBUCIÓN, FABRICACIÓN Y COPYRIGHT
Producción, publicación, distribución, fabricación y copyright Chapingo, México :
Nombre del de productor, editor, distribuidor, fabricante El autor,
Fecha de producción, publicación, distribución, fabricación o copyright 2020.
300 ## - DESCRIPCIÓN FÍSICA
Extensión 1 recurso en línea (42 páginas):
Otras características físicas cuadros.
336 ## - TIPO DE CONTENIDO
Fuente rdacontent
Término de tipo de contenido texto
Código de tipo de contenido txt
337 ## - TIPO DE MEDIO
Fuente rdamedia
Nombre/término del tipo de medio computadora
Código del tipo de medio c
338 ## - TIPO DE SOPORTE
Fuente rdacarrier
Nombre/término del tipo de soporte recurso en línea
Código del tipo de soporte cr
502 ## - NOTA DE TESIS
Tipo de título Ingeniero Agrónomo Especialista en Parasitología Agrícola
Nombre de la institución que otorga el título Departamento de Enseñanza, Investigación y Servicio en Parasitología Agrícola,
Año de obtención del título 2020.
Información miscelánea Licenciatura
504 ## - NOTA DE BIBLIOGRAFÍA, ETC.
Nota de bibliografía, etc. Incluye referencias bibliográficas: páginas 34-38.
520 ## - SUMARIO, ETC.
Sumario, etc. La producción de tomate es afectada por diversos factores y organismos, entre ellos, los nematodos que pueden ocasionar severas pérdidas en el cultivo. Provocan engrosamiento en las raíces lo que origina nódulos o agallas que en casos severos pueden provocar la muerte de planta. El control biológico, mediante la utilización de actinomiceto puede ser una herramienta para controlar los nematodos. Este organismo se encuentra en la mayoría de los suelos, por tal motivo, el presente estudio tiene como objetivo analizar el efecto del actinomiceto sobre los nematodos en el cultivo de tomate. En un campo agrícola de Zacualpan de Amilpas, Morelos se seleccionó aleatoriamente dos puntos (latitud 18.8167 y longitud de -98.75). Se colectó dos muestras de suelo a la profundidad de 0-0.30 m, caracterizado como suelos supresivos. Las muestras se analizaron en el laboratorio de Nematología Agrícola del Departamento de Parasitología Agrícola de la Universidad Autónoma Chapingo. El método utilizado fue de medio aséptico; aislamiento de organismo (actinomiceto), purificación y pruebas de patogenicidad (se aplicaron en el cultivo bajo invernadero). El diseño estadístico fue completamente al azar, con 3 tratamientos, 3 repeticionesy un testigo infestado naturalmente con y sin actinomicetos. Los organismos identificados en la muestra fueron Actinomicetos, Pencicillium, Aspergillus, Verticillium, Micorrizas, Metarhizium y Bacillus. Los resultados estadísticos indican que no hay diferencia significativa entre los tratamientos (α = 0.05). El actinomiceto por sí solo no disminuye la población de nemátodos lo que quiere decir que estos organismos (Actinomicetos, Pencillium, Aspergillus, Verticillium, Micorrizas, Metarhizium y Bacillus), funcionarían en conjunto (no hay literatura que lo especifique).
650 #4 - PUNTO DE ACCESO ADICIONAL DE MATERIA--TÉRMINO DE MATERIA
9 (RLIN) 113714
Término de materia o nombre geográfico como elemento de entrada Tomate
Subdivisión general Enfermedades por nemátodos
650 #4 - PUNTO DE ACCESO ADICIONAL DE MATERIA--TÉRMINO DE MATERIA
9 (RLIN) 27586
Término de materia o nombre geográfico como elemento de entrada Control biológico de nemátodos
700 1# - PUNTO DE ACCESO ADICIONAL--NOMBRE DE PERSONA
9 (RLIN) 19482
Nombre de persona Carrillo Fonseca, Calixto Leopoldo
Término indicativo de función/relación director.
856 ## - LOCALIZACIÓN Y ACCESO ELECTRÓNICOS
Identificador Uniforme del Recurso http://10.13.5.2/tesis/tl/Hernandez_Hernandez_Refugio.pdf
Nota pública DESCARGAR PDF
942 ## - ELEMENTOS DE PUNTO DE ACCESO ADICIONAL (KOHA)
Fuente del sistema de clasificación o colocación Clasificación Universidad Autónoma Chapingo
Tipo de ítem Koha Tesis digital
Holdings
Estado de retiro Estado de pérdida Fuente del sistema de clasificación o colocación Estado dañado Restricciones de uso No para préstamo Código de colección Localización permanente Ubicación/localización actual Ubicación en estantería Fecha de adquisición Total de préstamos Signatura topográfica completa Fecha visto por última vez Precio válido a partir de Tipo de ítem Koha
    Clasificación Universidad Autónoma de Chapingo   Préstamo interno   Tesis digitales de Licenciatura Biblioteca Digital Biblioteca Digital En línea 14/12/2023   Tesis digital 14/12/2023 14/12/2023 Tesis digital